000 00493nam a22001577a 4500
003 NUST
038 _aNusrat Nadeem
082 _a200
100 _aAdnan Bashir,
_993465
245 _aReturns to Research and Higher Education: A Case Study of Pakistan/
_cBashir, Adnan
264 _aIslamabad:
_bS3H NUST
_c2024.
650 _aPhD- Economics
_9123160
700 _aSupervisor: Dr. Zahid Siddique
_9126223
856 _uhttp://10.250.8.41:8080/xmlui/handle/123456789/57439
942 _2ddc
_cSC
999 _c616395
_d616395